All NFL QBs With at least 1 Ring 2020 - Statistics

General Stats
  • This quiz has been taken 367 times
  • The average score is 10 of 11
Answer Stats
# of Rings Teams QB % Correct
7 6 with New England Patriots, 1 with Tampa Bay Buccaneers Tom Brady
100%
1 1 with Seattle Seahawks Russell Wilson
98%
1 1 with Green Bay Packers Aaron Rodgers
97%
1 1 with Kansas City Chiefs Patrick Mahomes
97%
2 2 with Pittsburgh Steelers Ben Roethlisberger
96%
1 1 with New Orleans Saints Drew Brees
96%
1 1 with Philadelphia Eagles Nick Foles
94%
1 1 with Baltimore Ravens Joe Flacco
92%
1 1 with Philadelphia Eagles Carson Wentz
91%
2 2 with New England Patriots Jimmy Garoppolo
79%
1 1 with New England Patriots Jacoby Brissett
44%
No matching quizzes found
Score Distribution
Percent of People with Each Score
Percentile by Number Answered
Your Score History
You have not taken this quiz